Normal view
MARC view
- pastorale-familiare
Entry Topical Term
001 - CONTROL NUMBER
- control field: 59883
003 - CONTROL NUMBER IDENTIFIER
- control field:
005 - DATE AND TIME OF LATEST TRANSACTION
- control field: 20230404152744.0
008 - FIXED-LENGTH DATA ELEMENTS
- fixed length control field: 230404|| aca||aabn | a|a d
040 ## - CATALOGING SOURCE
- Original cataloging agency:
- Transcribing agency:
150 ## - HEADING--TOPICAL TERM
- Topical term or geographic name entry element: pastorale-familiare
670 ## - SOURCE DATA FOUND
- Source citation: Work cat.: ()206634: Fregni Gianfranco (a cura di) 59882, Le nostre case. , 1988